[Event "Novi Sad TS 219th"]
[Site "Novi Sad"]
[Date "2021.10.31"]
[Round "8.1"]
[White "Yash, Jyoti Bir"]
[Black "Tesanovic, Rajko"]
[Result "1/2-1/2"]
[WhiteElo "1931"]
[BlackElo "1804"]
[PlyCount "32"]
[EventDate "2021.10.25"]
[EventType "schev"]
[EventRounds "8"]
[EventCountry "SRB"]
[SourceTitle "CBM 205 Extra"]
[Source "ChessBase"]
[SourceDate "2022.01.31"]
[SourceVersion "1"]
[SourceVersionDate "2022.01.31"]
[SourceQuality "1"]
[WhiteTeam "Team B"]
[BlackTeam "Team A"]
[WhiteTeamCountry "SRB"]
[BlackTeamCountry "SRB"]

1. e4 c5 2. Nf3 a6 3. d4 cxd4 4. Nxd4 Nf6 5. Nc3 d6 6. Be3 e5 7. Nf3 Ng4 8. Bg5 Qb6 9. Bh4 Be6 10. Qd2 f6 11. h3 h5 12. hxg4 hxg4 13. Nd5 Bxd5 14. Qxd5 Nc6 15. 0-0-0 gxf3 16. Bc4 0-0-0 1/2-1/2

[Event "Novi Sad TS 219th"]
[Site "Novi Sad"]
[Date "2021.10.29"]
[Round "6.1"]
[White "Mushini, Ajay"]
[Black "Tesanovic, Rajko"]
[Result "1-0"]
[WhiteElo "1947"]
[BlackElo "1804"]
[PlyCount "31"]
[EventDate "2021.10.25"]
[EventType "schev"]
[EventRounds "8"]
[EventCountry "SRB"]
[SourceTitle "CBM 205 Extra"]
[Source "ChessBase"]
[SourceDate "2022.01.31"]
[SourceVersion "1"]
[SourceVersionDate "2022.01.31"]
[SourceQuality "1"]
[WhiteTeam "Team B"]
[BlackTeam "Team A"]
[WhiteTeamCountry "SRB"]
[BlackTeamCountry "SRB"]

1. e4 c5 2. Nf3 Nc6 3. Bb5 d6 4. Bxc6+ bxc6 5. 0-0 e6 6. c3 Nf6 7. e5 dxe5 8. Nxe5 Bd6 9. Nc4 0-0 10. Nxd6 Qxd6 11. d3 Rd8 12. Be3 Ba6 13. Na3 h6 14. Qa4 Bxd3 15. Rfd1 c4 16. Nxc4 1-0

[Event "Novi Sad TS 219th"]
[Site "Novi Sad"]
[Date "2021.10.27"]
[Round "4.1"]
[White "Manukonda, Arun"]
[Black "Tesanovic, Rajko"]
[Result "1-0"]
[WhiteElo "2005"]
[BlackElo "1804"]
[PlyCount "38"]
[EventDate "2021.10.25"]
[EventType "schev"]
[EventRounds "8"]
[EventCountry "SRB"]
[SourceTitle "CBM 205 Extra"]
[Source "ChessBase"]
[SourceDate "2022.01.31"]
[SourceVersion "1"]
[SourceVersionDate "2022.01.31"]
[SourceQuality "1"]
[WhiteTeam "Team B"]
[BlackTeam "Team A"]
[WhiteTeamCountry "SRB"]
[BlackTeamCountry "SRB"]

1. d4 d5 2. Nf3 Nf6 3. e3 e6 4. Bd3 c5 5. b3 Bd6 6. 0-0 Nc6 7. Bb2 cxd4 8. exd4 Nb4 9. Be2 Ne4 10. a3 Nc6 11. c4 0-0 12. Bd3 Qc7 13. Nc3 f5 14. Nb5 Qe7 15. Nxd6 Qxd6 16. Ne5 Nxe5 17. dxe5 Qd8 18. b4 a5 19. f3 Ng5 1-0

[Event "EU-chT Seniors 50"]
[Site "Novi Sad"]
[Date "2017.06.29"]
[Round "5.4"]
[White "Tesanovic, Rajko"]
[Black "Mladenovic, Dusan"]
[Result "0-1"]
[WhiteElo "1830"]
[BlackElo "2047"]
[PlyCount "70"]
[EventDate "2017.06.25"]
[EventType "team-tourn"]
[EventRounds "9"]
[EventCountry "SRB"]
[SourceTitle "CBM 179 Extra"]
[Source "ChessBase"]
[SourceDate "2017.08.23"]
[SourceVersion "1"]
[SourceVersionDate "2017.08.23"]
[SourceQuality "1"]
[WhiteTeam "Serbia Promocia 50"]
[BlackTeam "Serbia Chess Kruzok 50"]
[WhiteTeamCountry "SRB"]
[BlackTeamCountry "SRB"]

1. b3 Nf6 2. Bb2 d6 3. e3 g6 4. d4 Bg7 5. c4 0-0 6. Nc3 c6 7. Bd3 e5 8. dxe5 dxe5 9. Qc2 Na6 10. a3 Nc5 11. Be2 Bf5 12. Qd1 Qe7 13. Nf3 Rad8 14. Nd2 Rxd2 15. Qxd2 Rd8 16. Nd5 cxd5 17. Qb4 a5 18. Qb5 Bd7 19. Qb6 Bc6 20. Rd1 Ra8 21. cxd5 Nxd5 22. Rxd5 Bxd5 23. 0-0 Bxb3 24. Rc1 Rc8 25. Rxc5 Qxc5 26. Qxb3 b6 27. g3 Qc2 28. Bd1 Qxb3 29. Bxb3 e4 30. Bxg7 Kxg7 31. Bd5 Rc1+ 32. Kg2 Ra1 33. Bxe4 Rxa3 34. Bd5 Rc3 35. Kf3 a4 0-1

[Event "Novi Sad Winter op"]
[Site "Novi Sad"]
[Date "2014.01.15"]
[Round "9"]
[White "Simeunovic, Predrag"]
[Black "Tesanovic, Rajko"]
[Result "0-1"]
[WhiteElo "2135"]
[BlackElo "1819"]
[PlyCount "70"]
[EventDate "2014.01.10"]
[EventType "swiss"]
[EventRounds "9"]
[EventCountry "SRB"]
[SourceTitle "CBM 158 Extra"]
[Source "ChessBase"]
[SourceDate "2014.02.28"]
[SourceVersion "1"]
[SourceVersionDate "2014.02.28"]
[SourceQuality "1"]

1. e4 e6 2. d3 d5 3. Nd2 dxe4 4. Nxe4 Nf6 5. Nxf6+ Qxf6 6. Nf3 Bd6 7. Be2 0-0 8. Ng5 Bb4+ 9. c3 Ba5 10. Bf3 h6 11. Ne4 Qh4 12. g3 Qe7 13. d4 e5 14. d5 f5 15. d6 cxd6 16. Nxd6 e4 17. Nxc8 Rxc8 18. Bg2 Nc6 19. g4 fxg4 20. b4 Bb6 21. Qxg4 Ne5 22. Qxe4 Nd3+ 23. Kd2 Qxe4 24. Bxe4 Nxf2 25. Bd5+ Kh8 26. Re1 Rd8 27. c4 Rac8 28. Ke2 Re8+ 29. Kf1 Rxe1+ 30. Kxe1 Nd3+ 31. Ke2 Nxb4 32. Ba3 Nc2 33. c5 Nxa1 34. cxb6 axb6 35. Kd3 Nc2 0-1